00265nam a2200109Ia 4500008004100000100001200041245004900053260001900102650001200121942000700133999001500140190216s9999||||xx |||||||||||||| ||und|| aSay R K 0aIndian Economics Growth-Constrains&Prospects bOrient Longman aEnglish cBK c9312d9312